| 000 | 00582nam a2200193Ia 4500 | ||
|---|---|---|---|
| 005 | 20250507130329.0 | ||
| 008 | 008 250505s9999 xx 000 0 eng d | ||
| 020 | _a0-8223-1937-3 | ||
| 037 | _aAnnuals, Advances | ||
| 040 |
_aEASL _beng _cEASL |
||
| 041 |
_aeng _2eng |
||
| 084 |
_aV49B:17.N, N7 _qEASL |
||
| 100 |
_aBarlow Tani E. Ed. _9143181 |
||
| 245 | 0 | _aFormations of colonial modernity in East Asia | |
| 260 |
_aUSA _bDurham Duke University press _c1997 |
||
| 300 | _avi,453p. | ||
| 942 |
_cTEXL _hV49B:17.N, N7 |
||
| 999 |
_c1319050 _d1319050 |
||